[Event "Tournoi Skype 021B"]
[Site "Skype"]
[Date "????.??.??"]
[Round "3.36"]
[White "Berbedes, Jorgelina"]
[Black "Martin, Elise"]
[Result "1-0"]
[WhiteElo "1000"]
[BlackElo "1000"]
[PlyCount "49"]

1. e4 e5 2. Nf3 d6 3. d4 Nc6 4. dxe5 Nxe5 5. Nxe5 Qe7 6. Bb5+ c6 7. Nxc6 bxc6
8. Bxc6+ Bd7 9. Bxa8 Qd8 10. Bd5 Qa5+ 11. Nc3 Nf6 12. Bc4 Be7 13. O-O O-O 14.
Bf4 h6 15. Bxd6 Bxd6 16. Qxd6 Qh5 17. Nd5 Ng4 18. Rfd1 Qxh2+ 19. Qxh2 Nxh2 20.
Ne7+ Kh8 21. Rxd7 Ng4 22. Rxa7 Rd8 23. Bxf7 Rd2 24. Ra8+ Kh7 25. Bg6# 1-0

[Event "Tournoi Skype 021B"]
[Site "Skype"]
[Date "????.??.??"]
[Round "4.1"]
[White "Galani, Mahendra"]
[Black "K, Muthuraman"]
[Result "1-0"]
[WhiteElo "1433"]
[BlackElo "1379"]
[PlyCount "79"]

1. b3 d5 2. Nf3 e6 3. Bb2 Nf6 4. e3 Bd6 5. Nc3 c6 6. Na4 Nbd7 7. Bd4 e5 8. Bc3
O-O 9. Nh4 Re8 10. Nf5 Bf8 11. d4 e4 12. Be2 b5 13. Nb2 Nb6 14. Ng3 g6 15. Bd2
a5 16. a4 b4 17. O-O Be6 18. Qc1 Nbd7 19. c3 c5 20. c4 Bg7 21. cxd5 Bxd5 22.
Nc4 Bxc4 23. Bxc4 cxd4 24. exd4 Nb6 25. Bb5 Rc8 26. Qb2 Re7 27. Be3 Rec7 28.
Rac1 Nbd5 29. Ba6 Rxc1 30. Bxc1 Rc7 31. Qe2 Nc3 32. Qd2 Ng4 33. Re1 Qxd4 34.
Qf4 Ne5 35. Be3 Qd8 36. Nxe4 Nd3 37. Bxd3 Qxd3 38. Nxc3 Rxc3 39. Qb8+ Bf8 40.
Bh6 1-0

[Event "Tournoi Skype 021B"]
[Site "Skype"]
[Date "????.??.??"]
[Round "4.2"]
[White "Maccaferri, Massimo"]
[Black "Aceituno, Stebe"]
[Result "0-1"]
[WhiteElo "1397"]
[BlackElo "1419"]
[PlyCount "50"]

1. e4 c5 2. Bc4 Nf6 3. Qf3 Nc6 4. e5 Nxe5 5. Qg3 Nxc4 6. d3 Nb6 7. Nc3 d5 8.
Nb5 Kd7 9. Bf4 Nh5 10. Qg4+ e6 11. Qxh5 a6 12. Nc7 Ra7 13. Qxf7+ Kc6 14. Qxe6+
Bxe6 15. Nxe6 Qe7 16. O-O-O Qxe6 17. Nf3 Nd7 18. Rhe1 Qf7 19. g3 Bd6 20. Bxd6
Kxd6 21. Ng5 Qf5 22. h4 b5 23. d4 c4 24. f4 Raa8 25. Re6+ Qxe6 0-1

-1/2

[Event "Tournoi Skype 021B"]
[Site "Skype"]
[Date "????.??.??"]
[Round "4.3"]
[White "Levantini, Claudio"]
[Black "Calcino, Luis"]
[Result "1/2-1/2"]
[WhiteElo "1384"]
[BlackElo "1400"]
[PlyCount "58"]

1. e4 d5 2. exd5 Qxd5 3. Nc3 Qa5 4. d4 Bf5 5. Nf3 Nf6 6. Bd2 c6 7. Be2 e6 8.
O-O Nbd7 9. Re1 Qc7 10. Bf1 Bd6 11. h3 O-O-O 12. Qc1 h5 13. Ne2 e5 14. dxe5
Nxe5 15. Nxe5 Bxe5 16. Bf4 Nd7 17. Bxe5 Qxe5 18. Ng3 Qc5 19. Nxf5 Qxf5 20. Bd3
Qf6 21. b4 Ne5 22. Be4 Nc4 23. Bd3 Nb2 24. Be4 Rhe8 25. Rb1 Nc4 26. Bd3 Nd6 27.
a4 Re5 28. Rxe5 Qxe5 29. Qb2 Re8 1/2-1/2

[Event "Tournoi Skype 021B"]
[Site "Skype"]
[Date "????.??.??"]
[Round "4.4"]
[White "Couto, Januario"]
[Black "Vello, Pablo"]
[Result "0-1"]
[WhiteElo "1485"]
[BlackElo "1349"]
[PlyCount "108"]

1. e4 e6 2. d4 d5 3. Nd2 Nf6 4. e5 Nfd7 5. Bd3 c5 6. Ne2 c4 7. Nxc4 dxc4 8.
Bxc4 Nc6 9. c3 Be7 10. O-O O-O 11. Bf4 Bg5 12. Bg3 Ne7 13. f4 Bh6 14. Bh4 g6
15. g4 Qe8 16. Ng3 Nb6 17. Bd3 Bd7 18. f5 Be3+ 19. Kh1 Bc6+ 20. Ne4 exf5 21.
gxf5 gxf5 22. Rxf5 Nxf5 23. Qg4+ Ng7 24. Bf6 Bh6 25. Rg1 Qe6 26. Qxg7+ Bxg7 27.
Rxg7+ Kh8 28. Rg6+ Qxf6 29. Rxf6 Nd5 30. Rf2 Ne3 31. Re2 Ng4 32. Kg1 Rg8 33.
Ng3 Bd7 34. Bc4 Rae8 35. Bxf7 Nh6 36. Bxe8 Bxe8 37. Kf2 Ng4+ 38. Kg2 Bc6+ 39.
Kh3 Rg6 40. Nf5 Bd7 41. e6 Bxe6 42. Rxe6 Rxe6 43. Kxg4 Re2 44. b4 Rxa2 45. Nd6
Rxh2 46. Nxb7 Rc2 47. d5 Rxc3 48. d6 Rd3 49. Kf4 Kg7 50. Ke5 Kf7 51. Nc5 Rd1
52. d7 Ke7 53. b5 Rxd7 54. Nxd7 Kxd7 0-1

[Event "Tournoi Skype 021B"]
[Site "Skype"]
[Date "????.??.??"]
[Round "4.5"]
[White "Yanez, Leticia Jorgelina"]
[Black "Chavero, Victor"]
[Result "0-1"]
[WhiteElo "1300"]
[BlackElo "1396"]
[PlyCount "68"]

1. e4 e5 2. Nf3 Nc6 3. Bc4 d5 4. exd5 Na5 5. Nxe5 Nxc4 6. Nxc4 Qxd5 7. Ne3 Qc6
8. d4 Nf6 9. Nc3 Bb4 10. O-O Bxc3 11. d5 Qc5 12. Qd3 Ba5 13. Nf5 Bxf5 14. Qxf5
Qxd5 15. Re1+ Bxe1 16. Qf3 Qxf3 17. gxf3 O-O 18. Bf4 Ba5 19. c3 c5 20. Re1 Rfe8
21. Rf1 Re2 22. Kg2 Rae8 23. Bg5 Re1 24. Rxe1 Rxe1 25. h4 Re2 26. f4 Ne4 27.
Kf3 Rxb2 28. Kxe4 Bxc3 29. h5 Bf6 30. Bxf6 gxf6 31. h6 Rxa2 32. f5 Rd2 33. f4
a5 34. Ke3 Rd6 0-1

[Event "Tournoi Skype 021B"]
[Site "Skype"]
[Date "????.??.??"]
[Round "4.6"]
[White "Kruzeniski, Randy"]
[Black "Cayo, Ana Carolina"]
[Result "0-1"]
[WhiteElo "1435"]
[BlackElo "1000"]
[PlyCount "90"]

1. d4 d5 2. Nf3 Nf6 3. e3 Bf5 4. a3 e6 5. c4 c6 6. Nc3 Nbd7 7. Be2 Bd6 8. h3
O-O 9. b4 dxc4 10. Bxc4 b5 11. Bb3 a5 12. bxa5 Qxa5 13. Bd2 b4 14. Na4 c5 15.
axb4 cxb4 16. O-O Rfc8 17. Rc1 Ng4 18. hxg4 Bxg4 19. Rxc8+ Rxc8 20. e4 Qh5 21.
e5 Nxe5 22. dxe5 Bxe5 23. g3 Bxf3 24. Qxf3 Qxf3 25. Nb6 Rd8 26. Be3 Bd4 27. Bd1
Qb7 28. Nc4 Bxe3 29. Nxe3 b3 30. Nc4 b2 31. Bc2 Ra8 32. Nd2 Ra1 33. Bb1 Qd5 34.
Rd1 Rxb1 35. Rxb1 Qxd2 36. Rf1 Qc2 37. Kg2 b1=Q 38. Rxb1 Qxb1 39. Kh2 f5 40.
Kg2 h5 41. Kh2 g5 42. Kg2 g4 43. Kh2 Qf1 44. f4 gxf3 45. g4 Qg2# 0-1

[Event "Tournoi Skype 021B"]
[Site "Skype"]
[Date "????.??.??"]
[Round "4.7"]
[White "Battaglia, Gabriele"]
[Black "Gerbaux, Regis"]
[Result "1-0"]
[WhiteElo "1284"]
[BlackElo "1462"]
[PlyCount "43"]

1. d4 d5 2. Nf3 e6 3. e3 a6 4. Nbd2 Nf6 5. c3 Be7 6. Bd3 Nbd7 7. O-O c5 8. Re1
O-O 9. b3 b6 10. e4 Qc7 11. e5 Ne4 12. Nxe4 dxe4 13. Bxe4 Bb7 14. Bc2 Rac8 15.
Qd3 f5 16. exf6 Nxf6 17. Rxe6 Be4 18. Qe2 Bd6 19. Bxe4 Nxe4 20. Qxe4 Rf7 21.
Re8+ Rxe8 22. Qxe8+ 1-0

[Event "Tournoi Skype 021B"]
[Site "Skype"]
[Date "????.??.??"]
[Round "4.8"]
[White "Porcabeuf, Jean-Marc"]
[Black "Junqueira, Leonardo De Faria"]
[Result "1/2-1/2"]
[WhiteElo "1270"]
[BlackElo "1453"]
[PlyCount "86"]

1. d4 Nf6 2. e3 d5 3. Bd3 e6 4. Nf3 c5 5. c3 cxd4 6. cxd4 Nc6 7. O-O Bb4 8. a3
Ba5 9. b4 Bc7 10. Nc3 a6 11. Re1 O-O 12. e4 dxe4 13. Nxe4 Nxe4 14. Bxe4 Bd7 15.
Bc2 Ne7 16. Bb2 Nd5 17. Qd3 g6 18. Re4 Bc6 19. Rh4 Nf4 20. Qe3 Bxf3 21. Rxf4
Bxf4 22. Qxf4 Bd5 23. Re1 Rc8 24. Bd3 b5 25. Bc1 Rc3 26. Qg3 Bc4 27. Bh6 Qb8
28. Qf3 f5 29. Re3 Rxd3 30. Rxd3 Bxd3 31. Qxd3 Rc8 32. g3 Qc7 33. d5 Rd8 34.
Qd4 Rxd5 35. Qf6 Rd8 36. Qxe6+ Qf7 37. Qxa6 Qd5 38. Kf1 Qh1+ 39. Ke2 Qd1+ 40.
Ke3 Re8+ 41. Kf4 Qd2+ 42. Kf3 Qxh6 43. Qb6 Qxh2 1/2-1/2

[Event "Tournoi Skype 021B"]
[Site "Skype"]
[Date "????.??.??"]
[Round "4.9"]
[White "Codina, Teresa"]
[Black "Malbec, Robert"]
[Result "0-1"]
[WhiteElo "1266"]
[BlackElo "1449"]
[PlyCount "36"]

1. e4 e5 2. Nf3 Nc6 3. Bb5 a6 4. Ba4 Nf6 5. Nc3 b5 6. Bb3 Be7 7. O-O d6 8. Re1
Bg4 9. d3 Nd4 10. Re3 O-O 11. Nd5 Nxd5 12. exd5 Nxf3+ 13. gxf3 Bh5 14. Qf1 Bg5
15. Re4 Bxc1 16. Rxc1 Bxf3 17. Re3 Qg5+ 18. Qg2 Qxg2# 0-1

[Event "Tournoi Skype 021B"]
[Site "Skype"]
[Date "????.??.??"]
[Round "4.10"]
[White "Martin, Jean-Claude"]
[Black "Bouffard, Georges"]
[Result "1-0"]
[WhiteElo "1402"]
[BlackElo "1314"]
[PlyCount "123"]

1. d4 Nf6 2. c4 d5 3. Nc3 e6 4. Bg5 c6 5. e3 Be7 6. Nf3 Ne4 7. Bxe7 Qxe7 8. Qc2
f5 9. Nxe4 fxe4 10. Nd2 Qf6 11. cxd5 O-O 12. Nxe4 Qh4 13. dxc6 Nxc6 14. g3 Qd8
15. a3 a6 16. Nc5 Qd5 17. Rg1 b6 18. Bg2 Qd6 19. Nxe6 Qxe6 20. Bxc6 Ra7 21. Ba4
Qd6 22. Qc6 Qxc6 23. Bxc6 Bd7 24. Bxd7 Rxd7 25. Rc1 h6 26. Kd2 Rxf2+ 27. Kd3
Rxb2 28. Rc2 Rb5 29. Rgc1 Rdd5 30. e4 Rb3+ 31. Rc3 Rdb5 32. Rxb3 Rxb3+ 33. Rc3
Rb5 34. d5 Rc5 35. Rxc5 bxc5 36. Kc4 Kf7 37. Kxc5 Ke7 38. e5 Kd7 39. e6+ Kd8
40. d6 g5 41. Kc6 g4 42. e7+ Ke8 43. Kc7 h5 44. d7+ Kxe7 45. d8=Q+ Kf7 46. Kb6
a5 47. Kxa5 Ke6 48. Qg5 h4 49. Qxg4+ Kd5 50. gxh4 Ke5 51. h5 Kf6 52. Qg6+ Ke5
53. h6 Kd5 54. h7 Kc4 55. Qg8+ Kd3 56. h8=R Kc3 57. Qg3+ Kd4 58. Rh4+ Kd5 59.
Qg5+ Ke6 60. Rh6+ Kd7 61. Qg7+ Kc8 62. Rh8# 1-0

[Event "Tournoi Skype 021B"]
[Site "Skype"]
[Date "????.??.??"]
[Round "4.11"]
[White "Vervoort, Jean-Louis"]
[Black "Hernandez Lopez, Joaquin"]
[Result "0-1"]
[WhiteElo "1395"]
[BlackElo "1263"]
[PlyCount "130"]

1. d4 d5 2. c4 Nf6 3. Nc3 c6 4. Bg5 Nbd7 5. Nf3 Ne4 6. Nxe4 dxe4 7. Nh4 Nf6 8.
Bxf6 exf6 9. e3 Bb4+ 10. Ke2 f5 11. g3 Be6 12. b3 Qg5 13. a3 Qh5+ 14. f3 exf3+
15. Nxf3 Bd6 16. Bg2 O-O 17. c5 Bc7 18. Re1 Bd5 19. Rh1 Rae8 20. Qd3 Be4 21.
Qd2 Re7 22. Kf2 Bd5 23. b4 Rfe8 24. Rae1 Bc4 25. Bf1 Bd5 26. Bg2 f4 27. exf4
Qg4 28. Rxe7 Rxe7 29. Re1 Rxe1 30. Qxe1 Qd7 31. Ne5 Qe8 32. Kg1 f6 33. Nf3 Bf7
34. Qxe8+ Bxe8 35. g4 Bxf4 36. h3 g5 37. h4 Bf7 38. h5 h6 39. Ne1 Be3+ 40. Kh2
Bxd4 41. Nc2 Be5+ 42. Kh3 Bb3 43. Ne3 Bb2 44. a4 Bxa4 45. Be4 Bb3 46. b5 cxb5
47. Bxb7 b4 48. c6 Be5 49. Bc8 Ba4 50. Bb7 b3 51. Nc4 b2 52. Nxb2 Bxb2 53. c7
Bd7 54. c8=Q+ Bxc8 55. Bxc8 a5 56. Be6+ Kf8 57. Bb3 Ke7 58. Kg3 Be5+ 59. Kf3
Kd6 60. Ke3 Kc5 61. Kd3 Kb4 62. Kc2 f5 63. gxf5 g4 64. Kd3 g3 65. Bc4 g2 0-1

[Event "Tournoi Skype 021B"]
[Site "Skype"]
[Date "????.??.??"]
[Round "4.12"]
[White "Milanese, Serge"]
[Black "Borg, Anthony"]
[Result "1-0"]
[WhiteElo "1377"]
[BlackElo "1222"]
[PlyCount "31"]

1. e4 e6 2. d4 c6 3. Nc3 d5 4. Nf3 Bb4 5. Bd3 dxe4 6. Bxe4 Nf6 7. Bd3 O-O 8.
O-O Bxc3 9. bxc3 Nbd7 10. Bf4 c5 11. Re1 cxd4 12. Nxd4 Nd5 13. Bd2 e5 14. Nf5
Qc7 15. Qg4 N7f6 16. Qxg7# 1-0

[Event "Tournoi Skype 021B"]
[Site "Skype"]
[Date "????.??.??"]
[Round "4.14"]
[White "Khatanhar, Mohit"]
[Black "Yilmazer, Seher"]
[Result "0-1"]
[WhiteElo "1343"]
[BlackElo "1054"]
[PlyCount "66"]

1. e4 e5 2. Nf3 Nc6 3. d3 Nf6 4. Be2 b6 5. h3 d5 6. exd5 Nxd5 7. Bd2 Be7 8. O-O
O-O 9. Nh2 Bb7 10. Nc3 Bb4 11. Nxd5 Bxd2 12. Qxd2 Qxd5 13. Bf3 Qd7 14. c3 Rae8
15. Rae1 Re6 16. Re2 h6 17. Rfe1 Bc8 18. Bxc6 Qxc6 19. Rxe5 Rg6 20. f3 Bxh3 21.
R1e2 Qf6 22. Re8 Bd7 23. Rxf8+ Kxf8 24. d4 Qh4 25. Re4 Qg3 26. Qe2 Kg8 27. Ng4
Rg5 28. Re5 f5 29. Nh2 Qh3 30. Rd5 Bc6 31. Re5 Rg3 32. d5 Bb5 33. Kh1 Bxe2 0-1

[Event "Tournoi Skype 021B"]
[Site "Skype"]
[Date "????.??.??"]
[Round "4.15"]
[White "Alverson, Ginny"]
[Black "Lemoine, Gerard"]
[Result "0-1"]
[WhiteElo "1086"]
[BlackElo "1330"]
[PlyCount "72"]

1. Nf3 d5 2. d4 e6 3. c3 c6 4. e3 Be7 5. Bd3 Nf6 6. Nbd2 a5 7. O-O b6 8. Ne5
Ba6 9. Bxa6 Rxa6 10. Qe2 Qc7 11. f4 O-O 12. c4 Ra8 13. b3 Nbd7 14. Ng4 c5 15.
Nxf6+ Nxf6 16. Bb2 Bd6 17. cxd5 exd5 18. Nf3 Rae8 19. Nh4 Bxf4 20. Rxf4 Qxf4
21. Qf2 Qxe3 22. Rf1 Qxf2+ 23. Rxf2 Re1+ 24. Rf1 Re2 25. dxc5 Rxb2 26. c6 Rc2
27. Nf5 Re8 28. Nd6 Re7 29. h4 Rxc6 30. Nf5 Re2 31. Ng3 Rxa2 32. Kh2 Rcc2 33.
Kh3 Rxg2 34. Rh1 d4 35. Nf1 d3 36. Ne3 Rge2 0-1

[Event "Tournoi Skype 021B"]
[Site "Skype"]
[Date "????.??.??"]
[Round "4.16"]
[White "Ramirez Reina, Orlando"]
[Black "Kazma, Erhan"]
[Result "0-1"]
[WhiteElo "1320"]
[BlackElo "1000"]
[PlyCount "44"]

1. e4 c5 2. Nf3 Nf6 3. Nc3 e6 4. e5 Nd5 5. Bc4 Nb6 6. Qe2 a6 7. a3 Nc6 8. O-O
Be7 9. Re1 O-O 10. d4 cxd4 11. Nxd4 Nxd4 12. Qd3 Nxc2 13. Qxc2 Nxc4 14. Qe2 Qc7
15. b3 Na5 16. Qb2 b5 17. Bd2 Bb7 18. Rac1 Qb6 19. Be3 Bc5 20. Bxc5 Qxc5 21.
Ne4 Qd5 22. Nd6 Qxg2# 0-1

[Event "Tournoi Skype 021B"]
[Site "Skype"]
[Date "????.??.??"]
[Round "4.17"]
[White "Rangasamy, Jayaprakash"]
[Black "Bustos, Ricardo"]
[Result "0-1"]
[WhiteElo "1000"]
[BlackElo "1319"]
[PlyCount "46"]

1. e4 c5 2. Nf3 Nc6 3. d4 cxd4 4. Nxd4 g6 5. c3 Nf6 6. Bd3 Bg7 7. Nf3 d6 8. h3
O-O 9. O-O Ne5 10. Nxe5 dxe5 11. Be3 Bd7 12. Qb3 Qc7 13. Nd2 Be6 14. Qc2 Rac8
15. f4 exf4 16. Bxf4 Qc6 17. Bg5 Qc5+ 18. Kh1 Qxg5 19. Rf3 Nh5 20. Nf1 Nf4 21.
Re1 Nxd3 22. Rxd3 Bc4 23. Rde3 Bxf1 0-1

[Event "Tournoi Skype 021B"]
[Site "Skype"]
[Date "????.??.??"]
[Round "4.18"]
[White "Bhandari, Dattatrey"]
[Black "Navghane, Rahul"]
[Result "1-0"]
[WhiteElo "1316"]
[BlackElo "1000"]
[PlyCount "75"]

1. e4 e5 2. Nf3 f5 3. d3 d5 4. Nc3 d4 5. Nb5 a6 6. Na3 Nc6 7. Nc4 fxe4 8. Nfxe5
Nxe5 9. Nxe5 exd3 10. Bxd3 Qe7 11. Qe2 Nf6 12. Bg5 h6 13. Bf4 g5 14. Bg3 h5 15.
Bg6+ Kd8 16. Nf7+ Kd7 17. Qxe7+ Bxe7 18. Nxh8 Bb4+ 19. Ke2 Ke7 20. Nf7 a5 21.
Nxg5 b6 22. Bxc7 Ba6+ 23. Bd3 Bxd3+ 24. cxd3 Rc8 25. Rhc1 Nd5 26. Bd6+ Kxd6 27.
Rxc8 Ke5 28. Nf3+ Kf4 29. g3+ Kg4 30. Nxd4 Kh3 31. a3 Bc5 32. Ne6 Bd6 33. Rd8
Be5 34. Rxd5 Bxb2 35. Rb1 Bxa3 36. Nf4+ Kg4 37. Rxh5 a4 38. h3# 1-0

[Event "Tournoi Skype 021B"]
[Site "Skype"]
[Date "????.??.??"]
[Round "4.19"]
[White "De Nobrega, George"]
[Black "Briere, Jean"]
[Result "1-0"]
[WhiteElo "1420"]
[BlackElo "1370"]
[PlyCount "129"]

1. e4 e5 2. Nf3 Nc6 3. d4 exd4 4. Nxd4 Qf6 5. Nxc6 Qxc6 6. Nc3 Bb4 7. Qd4 Bxc3+
8. bxc3 Nf6 9. Qe5+ Qe6 10. Qxe6+ dxe6 11. e5 Nd7 12. Bf4 O-O 13. Bd3 Nc5 14.
O-O Rd8 15. Rfd1 Bd7 16. Rab1 Bc6 17. f3 Na4 18. Rb3 Rd5 19. c4 Rd7 20. Kf2 f6
21. exf6 gxf6 22. Be2 Rad8 23. Rbd3 Rxd3 24. Rxd3 Rxd3 25. cxd3 e5 26. Bd2 Nc5
27. Be3 b6 28. Bxc5 bxc5 29. g3 h6 30. Ke3 Kf7 31. f4 Kg6 32. Bf3 exf4+ 33.
Kxf4 Bxf3 34. Kxf3 f5 35. Kf4 Kf6 36. g4 fxg4 37. Kxg4 Kg6 38. h4 h5+ 39. Kf4
Kf6 40. Ke4 c6 41. a4 a5 42. d4 cxd4 43. Kxd4 Ke6 44. Kc5 Kd7 45. Kb6 Kd6 46.
Kxa5 Kc7 47. Ka6 c5 48. Kb5 Kb7 49. a5 Ka7 50. Kxc5 Kb7 51. Kd6 Ka6 52. c5 Kxa5
53. c6 Kb5 54. c7 Kc4 55. c8=Q+ Kd4 56. Qc5+ Ke4 57. Qxh5 Kf4 58. Qe5+ Kf3 59.
h5 Kf2 60. h6 Kf3 61. h7 Kg4 62. h8=Q Kf3 63. Qf8+ Kg4 64. Qeg7+ Kh5 65. Qfh8#
1-0

[Event "Tournoi Skype 021B"]
[Site "Skype"]
[Date "????.??.??"]
[Round "4.20"]
[White "Ram, Madhukesh"]
[Black "Le Bouill, Pierre"]
[Result "1-0"]
[WhiteElo "1237"]
[BlackElo "1000"]
[PlyCount "91"]

1. d4 d5 2. Nc3 Nf6 3. f3 a6 4. e4 dxe4 5. fxe4 e6 6. h3 Nc6 7. Be3 g6 8. a3
Bg7 9. Nf3 O-O 10. Be2 Re8 11. O-O b6 12. b4 Bb7 13. b5 axb5 14. Bxb5 Qd7 15.
d5 exd5 16. exd5 Nxd5 17. Bc4 Bxc3 18. Bxd5 Bxa1 19. Ng5 Rf8 20. Nxf7 Rxf7 21.
Bxf7+ Qxf7 22. Rxf7 Kxf7 23. Qxa1 Re8 24. Bd2 Ne7 25. Bf4 Nf5 26. Bxc7 Re2 27.
Qf1 Rxg2+ 28. Qxg2 Bxg2 29. Kxg2 Ne3+ 30. Kg3 Nxc2 31. a4 Ke8 32. Bxb6 Nb4 33.
Kg4 Kf7 34. Kg5 Kg8 35. a5 Na6 36. Kf6 Nb8 37. Be3 Nd7+ 38. Ke7 Nb8 39. Bd2
Nc6+ 40. Kf6 Nb8 41. h4 Nd7+ 42. Ke7 Nb8 43. Kd6 Kf7 44. Kc7 Na6+ 45. Kb6 Nc5
46. Kxc5 1-0

[Event "Tournoi Skype 021B"]
[Site "Skype"]
[Date "????.??.??"]
[Round "4.21"]
[White "Munoz Gonzalez, Martin"]
[Black "Erten, Ozlem"]
[Result "1/2-1/2"]
[WhiteElo "1451"]
[BlackElo "1188"]
[PlyCount "79"]

1. d4 d5 2. Nf3 e6 3. e3 c6 4. Bd3 Nf6 5. Nbd2 c5 6. O-O cxd4 7. exd4 Nc6 8. c3
Bd6 9. Re1 Ng4 10. h3 Nf6 11. Ne5 Qc7 12. Ndf3 O-O 13. Qc2 g6 14. Bf4 Bxe5 15.
Bxe5 Nxe5 16. Nxe5 Bd7 17. Re3 Bc6 18. Rae1 Ne4 19. h4 f6 20. Nf3 f5 21. Ne5
Qe7 22. Rh3 Rf6 23. h5 g5 24. h6 g4 25. Rh1 Qf8 26. Bxe4 dxe4 27. Qd2 Kh8 28.
Qg5 Qe7 29. Qf4 Rg8 30. Re3 Rff8 31. Rh5 Be8 32. Rh2 Qg5 33. Qxg5 Rxg5 34. g3
Bg6 35. Rh4 Be8 36. b3 Rh5 37. a3 Rxh4 38. gxh4 Rf6 39. Kg2 Rxh6 40. Kg3
1/2-1/2

[Event "Tournoi Skype 021B"]
[Site "Skype"]
[Date "????.??.??"]
[Round "4.22"]
[White "Meaney, Mike"]
[Black "Baker, Abi"]
[Result "1-0"]
[WhiteElo "1413"]
[BlackElo "1155"]
[PlyCount "57"]

1. d4 d5 2. Nf3 Nf6 3. Bf4 Bf5 4. c4 c6 5. Nc3 Nbd7 6. Nb5 Rc8 7. Nc3 a6 8. c5
e6 9. Qb3 b6 10. cxb6 Nxb6 11. e3 c5 12. Bxa6 c4 13. Qb5+ Qd7 14. Bxc8 Nxc8 15.
Qxd7+ Nxd7 16. O-O Bd6 17. Bxd6 Nxd6 18. a4 Ne4 19. a5 O-O 20. a6 Rb8 21. a7
Rxb2 22. a8=Q+ Nf8 23. Rab1 Rxf2 24. Rxf2 Nxf2 25. Rb8 h5 26. Rxf8+ Kh7 27.
Rxf7 Ne4 28. Qf8 Nxc3 29. Qxg7# 1-0

[Event "Tournoi Skype 021B"]
[Site "Skype"]
[Date "????.??.??"]
[Round "4.23"]
[White "Cengiz, Ali Ekber"]
[Black "Escudero Ocana, Francisco"]
[Result "0-1"]
[WhiteElo "1213"]
[BlackElo "1385"]
[PlyCount "73"]

1. e4 e5 2. Nf3 d6 3. Bb5+ Bd7 4. Nc3 a6 5. Ba4 Nf6 6. Bb3 h6 7. d3 c5 8. O-O
Nc6 9. Ne2 Bg4 10. Nc3 Bxf3 11. Qxf3 Nd4 12. Qd1 Rc8 13. Ne2 c4 14. dxc4 Nxb3
15. axb3 Nxe4 16. Qd5 Nc5 17. Re1 Qb6 18. Ng3 Be7 19. Nf5 Qc6 20. Nxg7+ Kf8 21.
Nf5 Qxd5 22. cxd5 a5 23. Bxh6+ Ke8 24. Rxa5 Nd7 25. f4 Rxc2 26. Ra8+ Bd8 27.
Bg5 f6 28. Bxf6 Nxf6 29. fxe5 dxe5 30. Rxe5+ Kd7 31. d6 Bb6+ 32. Ne3 Bxe3+ 33.
Rxe3 Rxa8 34. h4 Ra1+ 35. Kh2 Ng4+ 36. Kh3 Nxe3 37. g4 0-1

[Event "Tournoi Skype 021B"]
[Site "Skype"]
[Date "????.??.??"]
[Round "4.24"]
[White "Guillaume, Mickael"]
[Black "Berbedes, Jorgelina"]
[Result "1-0"]
[WhiteElo "1295"]
[BlackElo "1000"]
[PlyCount "45"]

1. d4 Nf6 2. c4 e6 3. a3 c6 4. Nc3 d5 5. e3 Be7 6. Nf3 Nbd7 7. Be2 O-O 8. c5 b5
9. O-O Bb7 10. b4 a5 11. Bb2 Qc7 12. h3 axb4 13. axb4 Rxa1 14. Bxa1 Ra8 15. Qc2
e5 16. dxe5 Nxe5 17. Nxe5 Qxe5 18. Rd1 Bc8 19. Bf3 Ne4 20. Bxe4 Qxe4 21. Nxe4
dxe4 22. Qxe4 Kf8 23. Qxc6 1-0

[Event "Tournoi Skype 021B"]
[Site "Skype"]
[Date "????.??.??"]
[Round "4.25"]
[White "Moumtaz, Abderrahim"]
[Black "Ruiz Gomez, Luz Alba"]
[Result "0-1"]
[WhiteElo "1191"]
[BlackElo "1292"]
[PlyCount "56"]

1. d4 d5 2. c4 e6 3. Nf3 Nf6 4. cxd5 exd5 5. Nc3 c6 6. Bg5 Be7 7. e3 O-O 8. Bd3
Nbd7 9. O-O h6 10. Qc2 b5 11. Bxf6 Nxf6 12. e4 dxe4 13. Nxe4 g6 14. Qxc6 Bd7
15. Nxf6+ Bxf6 16. Qc3 Rc8 17. Qd2 Kg7 18. Rac1 Be6 19. Rxc8 Qxc8 20. Rc1 Qd8
21. Bc4 bxc4 22. Qc2 Bxd4 23. Nxd4 Qxd4 24. Rd1 Bf5 25. Rxd4 Bxc2 26. Rxc4 Bf5
27. b4 Re8 28. Kf1 Bd3+ 0-1

[Event "Tournoi Skype 021B"]
[Site "Skype"]
[Date "????.??.??"]
[Round "4.26"]
[White "Torres, Vicky"]
[Black "Marty, Yvette"]
[Result "1-0"]
[WhiteElo "1281"]
[BlackElo "1000"]
[PlyCount "53"]

1. e4 e5 2. Nf3 d6 3. Nc3 Bg4 4. d4 Nc6 5. d5 Na5 6. Be2 Bh5 7. O-O c6 8. b4
Bxf3 9. Bxf3 Nc4 10. Be2 Nb6 11. a4 Nd7 12. dxc6 bxc6 13. Ba6 Rb8 14. b5 Nc5
15. bxc6 g6 16. Bb5 Qa5 17. c7+ Nd7 18. cxb8=Q+ Ke7 19. Bxd7 Kxd7 20. Bb2 Qc7
21. Qxf8 Ke6 22. Qd5+ Kf6 23. Qfxd6+ Kg7 24. Qxc7 Nf6 25. Qdxf7+ Kh6 26. Qxf6
Kh5 27. Qxh8 1-0

[Event "Tournoi Skype 021B"]
[Site "Skype"]
[Date "????.??.??"]
[Round "4.27"]
[White "Gieschen, Mike"]
[Black "Mhabdi, Mahesh"]
[Result "1/2-1/2"]
[WhiteElo "1277"]
[BlackElo "1000"]
[PlyCount "65"]

1. e4 e5 2. Nf3 f6 3. Bb5 a6 4. Ba4 Bc5 5. O-O Nc6 6. Nc3 b5 7. Bb3 d6 8. d3
Na5 9. Bxg8 Rxg8 10. Qe2 Bd7 11. Be3 b4 12. Nd5 c6 13. Bxc5 dxc5 14. Ne3 g6 15.
a3 f5 16. Nxe5 fxe4 17. dxe4 Be6 18. axb4 cxb4 19. Rfd1 Qc7 20. N5c4 Nxc4 21.
Nxc4 h5 22. Ne3 Qf4 23. Rxa6 Rxa6 24. Qxa6 Qxe4 25. Qa8+ Kf7 26. Qb7+ Ke8 27.
Qb8+ Kf7 28. Qc7+ Kf6 29. Rd8 Qe5 30. Qxe5+ Kxe5 31. Rd3 Ra8 32. g3 Bh3 33. f4+
1/2-1/2

[Event "Tournoi Skype 021B"]
[Site "Skype"]
[Date "????.??.??"]
[Round "4.28"]
[White "Vincent, Andre"]
[Black "Schnell, Nicolas"]
[Result "1-0"]
[WhiteElo "1274"]
[BlackElo "1000"]
[PlyCount "81"]

1. e4 e5 2. Nf3 Nc6 3. Bb5 Bc5 4. O-O d6 5. h3 Nge7 6. c3 a6 7. Bxc6+ Nxc6 8.
d4 exd4 9. cxd4 Bb4 10. d5 Ne7 11. Qa4+ b5 12. Qxb4 Rb8 13. Bf4 O-O 14. Qd2 f5
15. e5 c6 16. dxc6 d5 17. Nd4 Ng6 18. Bg3 f4 19. Bh2 Qg5 20. Nf3 Qh6 21. Qxd5+
Kh8 22. e6 Ne7 23. Qg5 Qxe6 24. Bxf4 Nf5 25. Bxb8 Qe2 26. Qd2 Qe6 27. Ne5 Qf6
28. Nc3 Qxe5 29. Bxe5 Nh4 30. Rad1 h5 31. Bg3 Nf5 32. c7 Rf6 33. Qd8+ Kh7 34.
Qxc8 Nh6 35. Qd7 Rg6 36. c8=Q h4 37. Bf4 Rf6 38. Bxh6 Kxh6 39. Qh8+ Kg5 40.
Qdxg7+ Kf5 41. Qxf6# 1-0

[Event "Tournoi Skype 021B"]
[Site "Skype"]
[Date "????.??.??"]
[Round "4.30"]
[White "Scata, Laura"]
[Black "Douichi, Mohammed"]
[Result "1-0"]
[WhiteElo "1191"]
[BlackElo "1255"]
[PlyCount "113"]

1. e4 e5 2. Nf3 Nc6 3. Bc4 Bc5 4. c3 d6 5. d4 exd4 6. cxd4 Bb4+ 7. Bd2 Bxd2+ 8.
Nbxd2 Nf6 9. Qb3 O-O 10. O-O h6 11. h3 b6 12. e5 dxe5 13. dxe5 Nd4 14. Nxd4
Qxd4 15. Nf3 Qd8 16. exf6 Qxf6 17. Rfe1 Bd7 18. Rac1 c5 19. Bb5 Be6 20. Bc4
Bxc4 21. Rxc4 Rad8 22. Rce4 Kh8 23. Qc3 Qxc3 24. bxc3 b5 25. Ne5 f6 26. Ng6+
Kh7 27. Nxf8+ Rxf8 28. Re8 Kg8 29. Rxf8+ Kxf8 30. f3 c4 31. Kf2 a5 32. Ke2 Ke7
33. Ke3 Kd6 34. Kd4 Kc6 35. Re6+ Kb7 36. Kc5 b4 37. cxb4 c3 38. Re1 c2 39. Rc1
axb4 40. Kxb4 Kc6 41. Rxc2+ Kd5 42. a4 Kd4 43. a5 Ke5 44. a6 f5 45. a7 g5 46.
a8=Q h5 47. Qe8+ Kf4 48. Qxh5 g4 49. Qh6+ Kg3 50. hxg4 fxg4 51. fxg4 Kxg4 52.
Rc4+ Kg3 53. Qh4+ Kxg2 54. Rc3 Kg1 55. Qg3+ Kf1 56. Qh2 Ke1 57. Rc1# 1-0

[Event "Tournoi Skype 021B"]
[Site "Skype"]
[Date "????.??.??"]
[Round "4.31"]
[White "Bacha, Mehdi"]
[Black "Sanchez Padilla, Armando Edilber"]
[Result "0-1"]
[WhiteElo "1177"]
[BlackElo "1240"]
[PlyCount "100"]

1. d4 d5 2. f4 Bf5 3. e3 Nf6 4. Bd3 Qd7 5. Nf3 Nc6 6. Ne5 Qe6 7. O-O g6 8. Bxf5
Qxf5 9. c3 Nb8 10. Nd2 Bg7 11. Qa4+ c6 12. Qb4 a5 13. Qxb7 O-O 14. Qxa8 Nbd7
15. Qxa5 Ng4 16. Nxg4 Qxg4 17. Nf3 h6 18. Qa7 Bf6 19. Ne5 Nxe5 20. fxe5 Bg5 21.
Bd2 Qe4 22. Rae1 Qg4 23. h3 Qc8 24. Qa6 Qxa6 25. a3 Qc8 26. a4 f6 27. e6 Qxe6
28. a5 Qc8 29. Ra1 Qa6 30. b4 Ra8 31. Rfb1 Qe2 32. Rd1 Bh4 33. Be1 Qxe3+ 34.
Kf1 Bg5 35. Bf2 Qxc3 36. Rdc1 Qd3+ 37. Kg1 Qa6 38. Re1 Kf7 39. Be3 Bh4 40. Rf1
f5 41. Bxh6 Qc4 42. Be3 Qxb4 43. a6 Qc3 44. Bf2 Bf6 45. a7 Bxd4 46. Bxd4 Qxd4+
47. Kh1 Rxa7 48. Rxa7 Qxa7 49. Kh2 d4 50. Kg3 d3 0-1